Central Library OPAC University of Rajshahi

A Study of electrical and optical properties of transparent conducting SnO2 and In2O3 thin Films prepared by pyrosol process / (Record no. 80991)

MARC details
000 -LEADER
fixed length control field 00901nam a22002417a 4500
001 - CONTROL NUMBER
RUCL Control Number 80991
003 - CONTROL NUMBER IDENTIFIER
rucl marc code BD-RjUL
005 - DATE AND TIME OF LATEST TRANSACTION
control field 20230125113634.0
008 - FIXED-LENGTH DATA ELEMENTS--GENERAL INFORMATION
fixed length control field 221219s1986 bg a|||| m||| 00| 0 eng d
035 ## - SYSTEM CONTROL NUMBER
system control number (BD-RjUL)80991
040 ## - CATALOGING SOURCE
Original cataloging agency BD-RjUL
Language of cataloging eng
Transcribing agency BD-RjUL
Modifying agency BD-RjUL
041 ## - LANGUAGE CODE
Language code of Book eng
082 ## - DEWEY DECIMAL CLASSIFICATION NUMBER
DDC Edition number 23
Classification number 621
Author mark and Year KAS 1986
100 ## - MAIN ENTRY--PERSONAL NAME
Personal name Hakim, Md. Obaidul
9 (RLIN) 6377
245 10 - TITLE STATEMENT
Title A Study of electrical and optical properties of transparent conducting SnO2 and In2O3 thin Films prepared by pyrosol process /
Statement of responsibility, etc by Md. Obaidul Hakim ;
Name of Supervisor/Co-Supervisor Supervisor : M.N. Islam,
260 ## - PUBLICATION, DISTRIBUTION, ETC. (IMPRINT)
Place of publication, distribution, etc Rajshahi :
Name of publisher, distributor, etc Department of Physics, University of Rajshahi,
Date of publication, distribution, etc 1986
300 ## - PHYSICAL DESCRIPTION
Pagination (x), -197-
Other physical details ill, ;
Dimensions 30.cm.
502 ## - DISSERTATION NOTE
Dissertation note Thesis (Ph. D.) -- Department of Physics, University of Rajshahi, 1986
504 ## - BIBLIOGRAPHY, ETC. NOTE
Bibliography, etc References : Leaves -107-108-
650 ## - SUBJECT ADDED ENTRY--TOPICAL TERM
Topical term or geographic name as entry element Applied Physics
700 ## - ADDED ENTRY--SUPERVISOR/CO-SUPERVISOR NAME
Personal name Islam, M.N. Supervisor
9 (RLIN) 6378
942 ## - ADDED ENTRY ELEMENTS (KOHA)
Source of classification or shelving scheme Dewey Decimal Classification
Koha item type Theses
Holdings
Source of classification or shelving scheme Damaged status Not for loan Collection code Permanent Location Current Location Shelving location Date of accession Source of acquisition Full call number Barcode Date last seen Copy number Thesis
Dewey Decimal Classification   Not For Loan Theses Central Library, University of Rajshahi Central Library, University of Rajshahi Documentation Section 19/11/1990 Controller of Exam. R.U. THE 621 KAS 1986 D1499 19/12/2022 C-1 Theses